Statistics for South Asian Geography By Letter - P

Click here to take the quiz!

General Stats

  • This quiz has been taken 106 times
  • The average score is 9 of 18

Answer Stats

HintAnswer% Correct
Country with nuclear weaponsPakistan
100%
Most-spoken languages in the abovePashto
78%
Most-spoken languages in the abovePunjabi
74%
4-letter Indian city called the
"Oxford of the East"
Pune
71%
Hindi word five Indian states end in.
Meaning "province" or "territory"
Pradesh
67%
Largest ethnic group in AfghanistanPashtuns
66%
Most of the southern half of India
is located in this region
Deccan
{Plateau}
64%
City in southeast India which was
owned by France until 1962
Puducherry
50%
Most common nickname of Jaipur{Pink} City
44%
Ancient capital of the Magadh,
Maurya, and Gupta empires
Patna
42%
Second-largest city in NepalPokhara
34%
English name of Pidurutalagala,
Sri Lanka's tallest mountain.
(hint: Spanish male name)
Mount {Pedro}
32%
Largest city on the Andaman IslandsPort Blair
30%
Former capital of the Kushan EmpirePeshawar
28%
Valley in Afghanistan the Taliban
hasn't fully captured... yet
Panjshir Valley
24%
Strait separating India and Sri LankaPalk Strait
23%
4-letter Bhutanese city west of ThimphuParo
20%
Former capital of Bhutan until 1955Punakha
11%

Score Distribution

Percentile by Number Answered

Percent of People with Each Score

Your Score History

You have not taken this quiz